What is HTML5? (Record no. 57218)
[ view plain ]
| 000 -LEADER | |
|---|---|
| fixed length control field | 01019cam a2200301 a 4500 |
| 001 - CONTROL NUMBER | |
| control field | 9733369 |
| 003 - CONTROL NUMBER IDENTIFIER | |
| control field | OSt |
| 005 - DATE AND TIME OF LATEST TRANSACTION | |
| control field | 20130604160810.0 |
| 006 - FIXED-LENGTH DATA ELEMENTS--ADDITIONAL MATERIAL CHARACTERISTICS--GENERAL INFORMATION | |
| fixed length control field | m d |
| 007 - PHYSICAL DESCRIPTION FIXED FIELD--GENERAL INFORMATION | |
| fixed length control field | cr n |
| 008 - FIXED-LENGTH DATA ELEMENTS--GENERAL INFORMATION | |
| fixed length control field | 120328s2011||||cau|||||s|||||||||||eng d |
| 020 ## - INTERNATIONAL STANDARD BOOK NUMBER | |
| International Standard Book Number | 9781449315009 |
| 035 ## - SYSTEM CONTROL NUMBER | |
| System control number | (WaSeSS)ssj0000666936 |
| 040 ## - CATALOGING SOURCE | |
| Original cataloging agency | WaSeSS |
| Transcribing agency | WaSeSS |
| Modifying agency | WaSeSS |
| 050 #4 - LIBRARY OF CONGRESS CALL NUMBER | |
| Classification number | QA76.76.H94 |
| 100 1# - MAIN ENTRY--PERSONAL NAME | |
| Personal name | McLaughlin, Brett. |
| 210 10 - ABBREVIATED TITLE | |
| Abbreviated title | What is HTML5? |
| 245 10 - TITLE STATEMENT | |
| Title | What is HTML5? |
| Medium | [electronic resource] / |
| Statement of responsibility, etc | Brett McLaughlin. |
| 260 ## - PUBLICATION, DISTRIBUTION, ETC. (IMPRINT) | |
| Place of publication, distribution, etc | [Sebastopol, Calif.] : |
| Name of publisher, distributor, etc | O'Reilly Media, |
| Date of publication, distribution, etc | 2011. |
| 500 ## - GENERAL NOTE | |
| General note | "A new way to look at the web"--Cover. |
| 506 ## - RESTRICTIONS ON ACCESS NOTE | |
| Terms governing access | License restrictions may limit access. |
| 650 #0 - SUBJECT ADDED ENTRY--TOPICAL TERM | |
| Topical term or geographic name as entry element | HTML (Document markup language) |
| 650 #0 - SUBJECT ADDED ENTRY--TOPICAL TERM | |
| Topical term or geographic name as entry element | Internet programming. |
| 650 #0 - SUBJECT ADDED ENTRY--TOPICAL TERM | |
| Topical term or geographic name as entry element | Web site development. |
| 773 #0 - HOST ITEM ENTRY | |
| Title | Safari Technical Books (Current File) |
| 856 40 - ELECTRONIC LOCATION AND ACCESS | |
| Uniform Resource Identifier | <a href="http://www.columbia.edu/cgi-bin/cul/resolve?clio9733369">http://www.columbia.edu/cgi-bin/cul/resolve?clio9733369</a> |
| Public note | Full text available from Safari Technical Books (Current File) |
| 942 ## - ADDED ENTRY ELEMENTS (KOHA) | |
| Source of classification or shelving scheme | Library of Congress Classification |
| Koha item type | Kindle Fire |
| Withdrawn status | Lost status | Source of classification or shelving scheme | Damaged status | Not for loan | Collection code | Home library | Current library | Shelving location | Date acquired | Source of acquisition | Total Checkouts | Full call number | Barcode | Date last seen | Price effective from | Koha item type |
|---|---|---|---|---|---|---|---|---|---|---|---|---|---|---|---|---|
| Library of Congress Classification | General Circulation | AIU/NEGST - Tony Wilmot Memorial Library | AIU/NEGST - Tony Wilmot Memorial Library | 06/04/2013 | Amazon | QA76.76.H94 | RKDL1123232 | 06/04/2013 | 06/04/2013 | Kindle Fire |
